Word Scramble - 8 Letter Countries - Statistics

General Stats
  • This quiz has been taken 1,344 times
  • The average score is 17 of 20
Answer Stats
Hint Answer % Correct
LAAASYMI MALAYSIA
97%
GUARAPAY PARAGUAY
97%
JDITOUBI DJIBOUTI
95%
TSBNWAOA BOTSWANA
94%
NNTZAAIA TANZANIA
94%
BRABOSDA BARBADOS
93%
MBBZIAEW ZIMBABWE
92%
PTHIIOEA ETHIOPIA
90%
CMOORNAE CAMEROON
88%
VLOSNAIE SLOVENIA
86%
BRKIITIA KIRIBATI
85%
VKAILOSA SLOVAKIA
85%
LAVESIDM MALDIVES
84%
NHTAAIDL THAILAND
82%
GLNOMAOI MONGOLIA
80%
UGPROTLA PORTUGAL
79%
KIPANATS PAKISTAN
74%
MACAIDOB CAMBODIA
73%
SHARUNDO HONDURAS
66%
EMUSANIR SURINAME
58%
No matching quizzes found
Score Distribution
Percent of People with Each Score
Percentile by Number Answered
Your Score History
You have not taken this quiz